00759nam a2200241 a 450000500170000000800410001702000150005804000270007304100130010004400070011308200160012010000190013624500930015526000380024830000320028650000440031854600240036265000190038665000120040565000260041765000560044370000180049920200104041601.0160219t1996 cr fr|||| 000 0 spa d a9290323068 aCO-BoIAVH cCO-BoIAVH 1 aspaaeng acr04a338.9bR34m1 aReiche, Carlos10aModelos para el desarrollo sostenible :blas ventanas de sostenibilidad como alternativa aSan Jose :bIICA :bGTZ :cc1996. a34 páginas ;c23 x 16 cm. aIncluye textos en español e inglés. aInglés, español14aSostenibilidad14aModelos24aDesarrollo sostenible24aPolíticas para la protección del medio ambiente1 aCarls, Jurgen